Collection building
| New Title: | Collection and curation |
|---|---|
| Format: | Electronic Journal |
| Language: | English |
| Published: |
[New York, N.Y.] :
[Neal-Schuman Publishers],
-[2017]
Bradford, England : MCB University Press [Bradford, England] : Emerald Publishing |
| Subjects: | |
| Online Access: | Full text available from Research Library: 01/01/1996 to 1 year ago |
MARC
| LEADER | 00000nas a2200000 a 4500 | ||
|---|---|---|---|
| 001 | ssj0011030 | ||
| 003 | WaSeSS | ||
| 005 | 20200512172242.0 | ||
| 006 | m d | ||
| 007 | cr n | ||
| 008 | 990305d19782017enkqr pss 0 a0eng c | ||
| 010 | |a 2004698511 | ||
| 015 | |a GBB3A4810 |2 bnb | ||
| 016 | 7 | |a 012432474 |2 Uk | |
| 016 | |a 012432474 | ||
| 022 | |a 2054-5592 |y 0160-4953 | ||
| 035 | |a (WaSeSS)ssj0011030 | ||
| 037 | |b Emerald Group Publishing Limited, 60/62 Toller Lane, Bradford BD8 9BY, England | ||
| 040 | |a PIF |b eng |e pn |c PIF |d OCL |d EYM |d OCLCQ |d CNU |d OCLCQ |d OCLCE |d UKMGB |d CCO |d LGG |d OCLCQ |d OCLCO |d OCLCQ |d DLC |d OCLCF |d BEDGE |d OCLCQ |d DLC |d NLE |d APUMS |d EZC |d OCLCO |d U3W |d AU@ |d WYU |d OCLCO |d OCLCA |d TKN |d VT2 |d OCLCO |d TXA |d UMC |d OCLCO |d RDF |d OCLCA |d WaSeSS | ||
| 042 | |a pcc |a dlr | ||
| 050 | 0 | 0 | |a Z689 |b .C67 |
| 082 | 0 | 4 | |a 025.21 |
| 130 | 0 | |a Collection building (Online) | |
| 245 | 1 | 0 | |a Collection building |h [electronic resource]. |
| 260 | |3 1978- : |a [New York, N.Y.] : |b [Neal-Schuman Publishers], |c -[2017] | ||
| 260 | 2 | |3 <1996>-2003: |a Bradford, England : |b MCB University Press | |
| 260 | 3 | |3 2004-2017: |a [Bradford, England] : |b Emerald Publishing | |
| 310 | |a Quarterly | ||
| 362 | 1 | |a Print began with: Vol. 1, issue 1 (1978); ceased with: Vol. 36, Issue 4 (2017). | |
| 500 | |a "Studies in the development & effective use of library resources." | ||
| 506 | |a License restrictions may limit access. | ||
| 515 | |a Some numbers issued in combined form. | ||
| 588 | |a Description based on: Vol. 15, issue 1 (1996); title from issue table of contents (Emerald, viewed July 7, 2004). | ||
| 588 | |a Latest issue consulted: Volume 36, Number 4 (2017) (Emerald Insight website, viewed April 23, 2019). | ||
| 650 | 0 | |a Collection development (Libraries) |v Periodicals. | |
| 650 | 2 | |a Library Collection Development. | |
| 650 | 6 | |a Développement des collections (Bibliothèques) |v Périodiques. | |
| 650 | 7 | |a Publications périodiques. |2 eclas | |
| 650 | 7 | |a Bibliothéconomie. |2 eclas | |
| 650 | 7 | |a Acquisitions documentaires. |2 eclas | |
| 650 | 7 | |a Collection development (Libraries) |2 fast |0 (OCoLC)fst00867172 | |
| 650 | 1 | 7 | |a Collectievorming. |2 gtt |
| 650 | 1 | 7 | |a Bibliotheekcollecties. |2 gtt |
| 650 | 1 | 7 | |a Bibliotheekbeheer. |2 gtt |
| 655 | 0 | |a Electronic journals. | |
| 776 | 0 | 8 | |i Also issued in print: |t Collection building |x 0160-4953 |w (DLC) 78645190 |w (OCoLC)3691824 |
| 785 | 0 | 0 | |t Collection and curation |x 2514-9334 |w (DLC) 2018204954 |w (OCoLC)1018198055 |
| 850 | |a DLC | ||
| 856 | 4 | 0 | |z Full text available from Research Library: 01/01/1996 to 1 year ago |u https://search.proquest.com/publication/45907 |